000 00525nam a2200181Ia 4500
008 090123s9999 xx 000 0 und d
082 _b36796
100 _aआगरकर राजगुरु
245 _aमरणकळा
250 _a1
260 _bसुविद्या प्रकाशन
_c2004
300 _a171
600 _aआगरकर राजगुरु
630 _aमरणकळा
700 _aआगरकर राजगुरु
730 _aमरणकळा
942 _cBOOK
999 _c74864
_d74864